| 000 | 00925nam a2200265Ia 4500 | ||
|---|---|---|---|
| 003 | GCL | ||
| 005 | 20240530102805.0 | ||
| 008 | 140319s9999 xx 000 0 ara d | ||
| 020 | _a2409001977 | ||
| 040 |
_aGCL / _cGCL |
||
| 082 | 0 | 4 |
_a327.174 _bم ر |
| 100 | 1 | _aممدوح حامد عطية | |
| 245 | 1 | 0 |
_aالردع النووى الاسرائيلى / _cممدوح حامد عطية |
| 260 |
_aالقاهرة : _bالهيئة المصرية العامة للكتاب ، _c1994 |
||
| 300 |
_a143 ص ؛ _c19 سم |
||
| 490 |
_aسلسلة العلم والحياة _v53 |
||
| 650 | 0 | 4 | _aالعالم العربى |
| 650 | 0 | 4 | _aالنزاع العربى الاسرائيلى |
| 650 | 0 | 4 | _aاسرائيل |
| 650 | 0 | 4 | _aالاسلحة الذرية |
| 650 | 0 | 4 | _aالسياسة العسكرية |
| 700 | 1 | _aمحمد جمال الدين الفندى | |
| 700 | 1 | _aممدوح حامد عطية | |
| 942 |
_2ddc _cBK |
||
| 999 |
_c34681 _d34681 |
||